000 01394namaa22003251i 4500
005 20260301124325.0
008 260104s1995 ua a|||frm||| 000 0 eng d
040 _aEG-GICUC
_beng
_cEG-GICUC
_dEG-GICUC
_erda
041 0 _aeng
_beng
_bara
049 _aDeposit
097 _aM.Sc
099 _aCai01.11.14.M.Sc.1995.So.C
100 0 _aSoha Ali El-Moursy ,
_epreparation.
245 1 0 _aClinicopathological aspects of bleeding per nipple /
_cBy Soha Ali El-Moursy ; Supervised Prof. Dr. Kaiss Abdel Dayem Abulata, Prof. Dr. Abdulla Khalil, Dr. Salma F. Dowara
246 1 5 _aالاوجه الباثولوجية الاكلينيكية لافراز الدموى من حلمة الثدي
264 0 _c1995
300 _a116 Leaves :
_billustrations ;
_c30 cm. +
336 _2rda content
_atext
337 _2rdamedia
_aUnmediated
338 _2rdacarrier
_avolume
502 _a Thesis (M.Sc.) -Cairo University, 1995
504 _aBibliography: pages 102-116
653 0 _aanthological aspects
_ableeding per nipple
700 0 _aKaiss Abdel Dayem Abulata
_ethesis advisor.
700 0 _aAbdulla Khalil
_ethesis advisor.
700 0 _aSalma F. Dowara
_ethesis advisor.
900 _DDepartment of General Surgery
_FFaculty of Medicine
_UCairo University
_b1995
_cKaiss Abdel Dayem Abulata
_cAbdulla Khalil
_cSalma F. Dowara
905 _aNagat
_eNourhan
942 _2ddc
_cTH
_e21
_n0
999 _c177370